000 00393nam a2200145Ia 4500
008 240624s9999 xx 000 0 und d
041 _aeng
082 _a657.3 PEN
100 _aPENMAN STEPHEN H
245 _aFINANCIAL STATEMENT ANALYSIS AND SECURIT
250 _a(5th ed.)
260 _c2013
_aNew York
_bMcGraw-Hill International
300 _axxvi, : 740 : p. : cm. ; 25
365 _c
_b28
999 _c22464
_d22464